| 000 | 00420nam a22001697a 4500 | ||
|---|---|---|---|
| 003 | NUST | ||
| 020 | _a9781785040474 | ||
| 038 | _awaseem | ||
| 082 | _a158.1,SCH | ||
| 100 |
_aSchwartz, David J. _914575 |
||
| 245 |
_aThe Magic of Thinking Big / _cDavid J. Schwartz |
||
| 260 |
_aUS _bImprint _c2012 |
||
| 300 | _a221 p. ; | ||
| 500 | _aHardcover. | ||
| 650 |
_aClassic teaching _9134446 |
||
| 942 |
_2ddc _cBK _k158.1,SCh |
||
| 999 |
_c617440 _d617440 |
||